[Event "37th Reykjavik op"]
[Site "Reykjavik ISL"]
[Date "2024.03.15"]
[Round "1.23"]
[White "Payne, Matthew J"]
[Black "Stefansson, Hannes"]
[WhiteElo "2077"]
[BlackElo "2481"]
[Result "1/2-1/2"]
[EventDate "2024.03.15"]
[PlyCount "80"]

1. e4 {[%eval 13,0]} c5 {[%eval 33,0]} 2. Nf3 {[%eval 22,0]} Nc6 {[%eval 31,0]}
3. d4 {[%eval 33,0]} cxd4 {[%eval 38,0]} 4. Nxd4 {[%eval 0,0]} Nf6 {[%eval 36,
0]} 5. Nc3 {[%eval 3,0]} e6 {[%eval 43,0]} 6. Ndb5 {[%eval 2,0]} Bc5 {[%eval
39,0]} 7. Bf4 {[%eval 13,0]} O-O {[%eval 4,0]} 8. Bc7 {[%eval 48,0]} Qe7 {
[%eval 45,0]} 9. Bd6 {[%eval 53,0]} Bxd6 {[%eval 48,0]} 10. Qxd6 {[%eval 52,0]}
Qd8 {[%eval 47,0]} 11. O-O-O {[%eval 49,0]} a6 {[%eval 53,0]} 12. Nd4 {[%eval
5,0]} Ne7 {[%eval 45,0]} 13. h4 {[%eval 53,0]} b5 {[%eval 53,0]} 14. h5 {
[%eval 53,0]} Ne8 {[%eval 48,0]} 15. Qh2 {[%eval 55,0]} h6 {[%eval 52,0]} 16.
g4 {[%eval 25,0]} Bb7 {[%eval 4,0]} 17. Bg2 $6 {[%eval 2,0] Inaccuracy. a3 was
best.} (17. a3 Qb8) 17... b4 {[%eval 16,0]} 18. Nce2 {[%eval 15,0]} Nf6 $6 {
[%eval 81,0] Inaccuracy. Rc8 was best.} (18... Rc8 19. Kb1 Qc7 20. Qxc7 Rxc7
21. f3 Nf6 22. Nb3 Rfc8 23. c3 bxc3 24. Nxc3 Nc6 25. Bf1) 19. g5 {[%eval 78,0]}
hxg5 {[%eval 71,0]} 20. h6 {[%eval 75,0]} Ng4 {[%eval 59,0]} 21. Qg3 {[%eval
71,0]} Nxh6 {[%eval 64,0]} 22. Qxg5 {[%eval 65,0]} Ng6 {[%eval 56,0]} 23. Nxe6
$6 {[%eval 5,0] Inaccuracy. Qd2 was best.} (23. Qd2 Rc8) 23... Qxg5+ {[%eval 0,
0]} 24. Nxg5 {[%eval 3,0]} f6 {[%eval 2,0]} 25. Nh3 {[%eval 51,0]} Nh4 {
[%eval 54,0]} 26. Bf1 $4 {[%eval -159,0] Blunder. Nhf4 was best.} (26. Nhf4
Nxg2 27. Nxg2 Bxe4 28. Rhg1 Rac8 29. Ne3 Nf5 30. Rxd7 Nxe3 31. Rgxg7+ Kh8 32.
fxe3 Rxc2+) 26... Bxe4 {[%eval -163,0]} 27. Rg1 {[%eval -144,0]} Nf3 {[%eval
-134,0]} 28. Ng3 {[%eval -127,0]} Nxg1 {[%eval -121,0]} 29. Nxe4 {[%eval -111,
0]} Nxh3 {[%eval -117,0]} 30. Bxh3 {[%eval -135,0]} Nf7 {[%eval -163,0]} 31.
Bxd7 {[%eval -151,0]} Rfd8 {[%eval -154,0]} 32. Rg1 {[%eval -195,0]} Ng5 {
[%eval -133,0]} 33. Nc5 {[%eval -152,0]} Ra7 {[%eval -154,0]} 34. f4 {[%eval
-196,0]} Nf7 $6 {[%eval -37,0] Inaccuracy. Rc7 was best.} (34... Rc7 35. Nxa6
b3 36. Ba4 bxa2 37. Bb3+ Nf7 38. Bxa2 Ra7 39. Bc4 Rd4 40. Be2 Re4 41. Rg2) 35.
Bf5 $6 {[%eval -141,0] Inaccuracy. Ba4 was best.} (35. Ba4 Rc8 36. Ne6 Nh6 37.
Bb3 Kh7 38. Re1 a5 39. a4 bxa3 40. bxa3 Kh8 41. Rh1 a4) 35... Rd5 {[%eval -132,
0]} 36. Ne6 {[%eval -246,0]} Rxf5 {[%eval -236,0]} 37. Nxg7 {[%eval -239,0]}
Rd5 {[%eval -243,0]} 38. Ne6+ {[%eval -237,0]} Kh7 {[%eval -236,0]} 39. Nf8+ {
[%eval -231,0]} Kh6 {[%eval -223,0]} 40. Rh1+ {[%eval -291,0]} Rh5 {[%eval
-226,0]} 1/2-1/2

[Event "37th Reykjavik op"]
[Site "Reykjavik ISL"]
[Date "2024.03.15"]
[Round "1.24"]
[White "Barthel, Ansgar"]
[Black "Zhu, Jiner"]
[WhiteElo "2073"]
[BlackElo "2467"]
[Result "0-1"]
[EventDate "2024.03.15"]
[PlyCount "85"]

1. c4 {[%eval 16,0]} c6 {[%eval 26,0]} 2. Nf3 {[%eval 25,0]} d5 {[%eval 37,0]}
3. e3 {[%eval 27,0]} Nf6 {[%eval 13,0]} 4. Nc3 {[%eval 14,0]} g6 {[%eval 4,0]}
5. d4 {[%eval 61,0]} Bg7 {[%eval 55,0]} 6. Be2 {[%eval 16,0]} O-O {[%eval 52,0]
} 7. O-O {[%eval 34,0]} dxc4 {[%eval 48,0]} 8. Bxc4 {[%eval 58,0]} Bg4 {
[%eval 55,0]} 9. h3 {[%eval 48,0]} Bxf3 {[%eval 39,0]} 10. Qxf3 {[%eval 4,0]}
Nbd7 {[%eval 5,0]} 11. Rd1 {[%eval 5,0]} e5 {[%eval 47,0]} 12. Bb3 {[%eval 28,
0]} Qe7 {[%eval 31,0]} 13. Bd2 {[%eval 3,0]} e4 {[%eval 79,0]} 14. Qf4 {
[%eval 68,0]} Nb6 {[%eval 74,0]} 15. a3 {[%eval 25,0]} Rfe8 {[%eval 15,0]} 16.
Rac1 {[%eval 25,0]} Rad8 {[%eval 3,0]} 17. Qh4 {[%eval 1,0]} h6 {[%eval 28,0]}
18. Rc2 {[%eval 3,0]} Kh7 {[%eval 28,0]} 19. Rf1 {[%eval 3,0]} Nfd5 {[%eval 41,
0]} 20. Qxe7 {[%eval 43,0]} Rxe7 {[%eval 49,0]} 21. Na2 {[%eval 39,0]} f5 {
[%eval 38,0]} 22. a4 {[%eval 33,0]} a6 {[%eval 35,0]} 23. Ba5 {[%eval 32,0]}
Rdd7 {[%eval 28,0]} 24. Nc3 {[%eval 36,0]} Bf6 {[%eval 65,0]} 25. Bxb6 {
[%eval 75,0]} Nxb6 {[%eval 56,0]} 26. a5 {[%eval 61,0]} Nd5 $6 {[%eval 146,0]
Inaccuracy. Nc8 was best.} (26... Nc8 27. Ne2) 27. Nxd5 $6 {[%eval 89,0]
Inaccuracy. Bxd5 was best.} (27. Bxd5 cxd5 28. Na4 Rf7 29. Nb6 Rd6 30. Rc5 Bd8
31. Nxd5 b6 32. Nxb6 Bxb6 33. axb6 Rxb6) 27... cxd5 {[%eval 95,0]} 28. Rc5 {
[%eval 96,0]} Rg7 {[%eval 103,0]} 29. Rxd5 {[%eval 104,0]} Rxd5 {[%eval 112,0]}
30. Bxd5 {[%eval 103,0]} Rc7 {[%eval 103,0]} 31. Rb1 {[%eval 103,0]} Rd7 {
[%eval 93,0]} 32. Be6 {[%eval 9,0]} Rc7 {[%eval 111,0]} 33. b4 {[%eval 124,0]}
f4 $6 {[%eval 188,0] Inaccuracy. h5 was best.} (33... h5 34. Kf1) 34. Bd5 {
[%eval 185,0]} fxe3 {[%eval 175,0]} 35. fxe3 {[%eval 158,0]} Bg5 $6 {[%eval
271,0] Inaccuracy. Rd7 was best.} (35... Rd7) 36. Rb3 {[%eval 282,0]} Rd7 {
[%eval 284,0]} 37. Be6 {[%eval 275,0]} Rc7 {[%eval 206,0]} 38. g3 $6 {[%eval
193,0] Inaccuracy. Kf2 was best.} (38. Kf2 b5 39. axb6 Rb7 40. Bd5 Rxb6 41.
Bxe4 Be7 42. Rc3 Bxb4 43. Rc7+ Kh8 44. Ra7 a5) 38... Kg7 $6 {[%eval 301,0]
Inaccuracy. h5 was best.} (38... h5 39. h4 Bh6 40. Kf2 b5 41. axb6 Rb7 42. Bd5
Rxb6 43. Bxe4 Bf8 44. b5 Rxb5 45. Rc3) 39. h4 {[%eval 259,0]} Be7 {[%eval 209,
0]} 40. Bd5 {[%eval 304,0]} g5 {[%eval 305,0]} 41. h5 {[%eval 294,0]} Bd6 $6 {
[%eval 409,0] Inaccuracy. g4 was best.} (41... g4 42. Bxe4 Bd6 43. Kg2 Rc4 44.
b5 Ra4 45. bxa6 Ra2+ 46. Kf1 bxa6 47. Rb6 Bxg3 48. Rg6+) 42. Kg2 $6 {[%eval
273,0] Inaccuracy. g4 was best.} (42. g4 Rc1+ 43. Kf2 Rc2+ 44. Kf1 Rc1+ 45. Ke2
Rc2+ 46. Kd1 Rg2 47. b5 Rxg4 48. bxa6 Rg1+) 42... Re7 $2 {[%eval 486,0]
Mistake. g4 was best.} (42... g4 43. Bxe4 Rc4 44. b5 Ra4 45. bxa6 Ra2+ 46. Kf1
bxa6 47. Rb6 Bxg3 48. Rg6+ Kf8 49. Rxg4) 43. b5 {[%eval 462,0]} 0-1

[Event "37th Reykjavik op"]
[Site "Reykjavik ISL"]
[Date "2024.03.15"]
[Round "1.25"]
[White "Kjartansson, Gudmundur"]
[Black "Schroer, Marcel"]
[WhiteElo "2465"]
[BlackElo "2073"]
[Result "1-0"]
[EventDate "2024.03.15"]
[PlyCount "70"]

1. c4 {[%eval 16,0]} e6 {[%eval 18,0]} 2. e4 {[%eval 11,0]} d5 {[%eval 9,0]} 3.
cxd5 {[%eval 13,0]} exd5 {[%eval 22,0]} 4. exd5 {[%eval 24,0]} Nf6 {[%eval 13,
0]} 5. Nc3 {[%eval 1,0]} Nxd5 {[%eval 7,0]} 6. Bc4 {[%eval 25,0]} Nb6 {[%eval
24,0]} 7. Bb5+ {[%eval 28,0]} c6 {[%eval 25,0]} 8. Be2 {[%eval 17,0]} Be7 {
[%eval 12,0]} 9. d4 {[%eval 13,0]} O-O {[%eval 18,0]} 10. Nf3 {[%eval 15,0]}
Be6 {[%eval 2,0]} 11. O-O {[%eval 2,0]} N8d7 {[%eval 0,0]} 12. Bf4 {[%eval 0,0]
} Nf6 {[%eval 3,0]} 13. Qc2 {[%eval 7,0]} Nbd5 {[%eval 0,0]} 14. Bg3 {[%eval
18,0]} h6 {[%eval 7,0]} 15. Rad1 {[%eval 26,0]} Qa5 {[%eval 17,0]} 16. Nxd5 {
[%eval 12,0]} Bxd5 {[%eval 19,0]} 17. b3 {[%eval 64,0]} Be4 {[%eval 54,0]} 18.
Qb2 {[%eval -94,0]} Ba3 {[%eval -99,0]} 19. Qa1 {[%eval 84,0]} Nd5 {[%eval 59,
0]} 20. Nd2 $6 {[%eval -58,0] Inaccuracy. Ne5 was best.} (20. Ne5) 20... Nc3 {
[%eval -83,0]} 21. Nxe4 {[%eval -72,0]} Nxe2+ {[%eval -72,0]} 22. Kh1 {[%eval
-75,0]} Rad8 {[%eval -81,0]} 23. f3 {[%eval -47,0]} Bb4 {[%eval -97,0]} 24. Be1
$6 {[%eval -22,0] Inaccuracy. Be5 was best.} (24. Be5) 24... Bxe1 {[%eval -35,
0]} 25. Rfxe1 {[%eval -33,0]} Nxd4 {[%eval -27,0]} 26. Qb2 {[%eval -200,0]} c5
{[%eval -24,0]} 27. Re3 {[%eval -197,0]} Ne6 {[%eval -192,0]} 28. Ree1 {
[%eval -166,0]} b6 {[%eval -182,0]} 29. Qf2 {[%eval -176,0]} Nd4 {[%eval -177,
0]} 30. Rd2 $6 {[%eval -265,0] Inaccuracy. h3 was best.} (30. h3 Nf5 31. Rc1
Rfe8 32. Rcd1 Kf8 33. Kh2 Qb4 34. Qb2 Nd4 35. Qb1 Qb5 36. Kh1 Kg8) 30... f5 {
[%eval -265,0]} 31. Ng3 {[%eval -258,0]} Nxf3 {[%eval -264,0]} 32. Rxd8 {
[%eval -259,0]} Qxe1+ {[%eval -267,0]} 33. Qxe1 {[%eval -266,0]} Nxe1 {[%eval
-262,0]} 34. Rxf8+ {[%eval -222,0]} Kxf8 {[%eval -225,0]} 35. Nxf5 {[%eval
-296,0]} Nd3 {[%eval -295,0]} 1-0

[Event "37th Reykjavik op"]
[Site "Reykjavik ISL"]
[Date "2024.03.15"]
[Round "1.26"]
[White "Fridjonsson, Julius"]
[Black "Stefansson, Vignir Vatnar"]
[WhiteElo "2070"]
[BlackElo "2464"]
[Result "0-1"]
[EventDate "2024.03.15"]
[PlyCount "99"]

1. d4 {[%eval 15,0]} Nf6 {[%eval 16,0]} 2. c4 {[%eval 16,0]} e6 {[%eval 21,0]}
3. Nf3 {[%eval 0,0]} b6 {[%eval 19,0]} 4. e3 {[%eval 3,0]} Bb7 {[%eval 0,0]} 5.
Bd3 {[%eval 0,0]} Be7 {[%eval 24,0]} 6. O-O {[%eval 25,0]} O-O {[%eval 26,0]}
7. b3 {[%eval 8,0]} Be4 {[%eval 51,0]} 8. Bb2 {[%eval 38,0]} d5 {[%eval 32,0]}
9. cxd5 {[%eval 27,0]} exd5 {[%eval 64,0]} 10. Nc3 {[%eval 42,0]} Bxd3 {
[%eval 46,0]} 11. Qxd3 {[%eval 52,0]} a5 {[%eval 58,0]} 12. Rfd1 {[%eval 42,0]}
Re8 {[%eval 41,0]} 13. Rac1 {[%eval 42,0]} c6 {[%eval 53,0]} 14. Ne5 {[%eval
51,0]} Bd6 {[%eval 36,0]} 15. Na4 {[%eval 52,0]} Qc7 {[%eval 46,0]} 16. Rc2 {
[%eval 24,0]} Ne4 {[%eval 21,0]} 17. f3 {[%eval 25,0]} b5 {[%eval 21,0]} 18.
fxe4 {[%eval 21,0]} dxe4 {[%eval 12,0]} 19. Qxe4 {[%eval 19,0]} bxa4 {[%eval
21,0]} 20. Qf5 {[%eval 7,0]} axb3 {[%eval 15,0]} 21. axb3 {[%eval 24,0]} Qe7 {
[%eval 24,0]} 22. Nc4 {[%eval 17,0]} Bb4 {[%eval 16,0]} 23. Rf2 {[%eval 18,0]}
Ra7 {[%eval 33,0]} 24. d5 {[%eval 9,0]} cxd5 {[%eval 1,0]} 25. Rxd5 {[%eval 12,
0]} Nd7 {[%eval 33,0]} 26. Bxg7 {[%eval 0,0]} Kxg7 {[%eval 0,0]} 27. Qg4+ {
[%eval 0,0]} Kf8 {[%eval 0,0]} 28. Qd4 {[%eval 0,0]} Qe6 {[%eval 0,0]} 29. Rdf5
{[%eval 0,0]} Rc7 $4 {[%eval 505,0] Blunder. Bc5 was best.} (29... Bc5 30.
Rxf7+ Qxf7 31. Qh8+ Ke7 32. Rxf7+ Kxf7 33. Qxh7+ Kf8 34. Qh6+ Ke7 35. Qh4+ Kf8
36. Qf4+) 30. Rxf7+ {[%eval 503,0]} Qxf7 {[%eval 503,0]} 31. Qh8+ $4 {[%eval 0,
0] Blunder. Rxf7+ was best.} (31. Rxf7+ Kxf7 32. Qf4+ Nf6 33. Qxc7+ Re7 34. Qc8
Re4 35. g3 h5 36. Qc6 Bc5 37. Qxc5 Rxc4) 31... Ke7 {[%eval 0,0]} 32. Rxf7+ {
[%eval 0,0]} Kxf7 {[%eval 11,0]} 33. Qxh7+ {[%eval 0,0]} Kf6 $4 {[%eval 542,0]
Blunder. Kf8 was best.} (33... Kf8 34. Qf5+ Ke7 35. Qg5+ Ke6 36. Qg4+ Ke7) 34.
Qh6+ $4 {[%eval 0,0] Blunder. Qh4+ was best.} (34. Qh4+ Ke6 35. Qe4+ Kf7 36.
Qf4+ Nf6 37. Qxc7+ Re7 38. Qc8 Kg7 39. Qf5 Rxe3 40. Nxe3 Bc3) 34... Ke7 {
[%eval 0,0]} 35. Qg5+ {[%eval 0,0]} Ke6 {[%eval 0,0]} 36. Qg4+ {[%eval 0,0]}
Ke7 {[%eval 0,0]} 37. h4 {[%eval 8,0]} Rf8 {[%eval 0,0]} 38. Qe4+ {[%eval 0,0]}
Kd8 {[%eval 0,0]} 39. h5 {[%eval 29,0]} Nf6 {[%eval 0,0]} 40. Qd4+ $6 {[%eval
58,0] Inaccuracy. Qe6 was best.} (40. Qe6 Rd7 41. g4 Rd1+ 42. Kg2 Nd7 43. g5
Rdf1 44. Nb6 Nxb6 45. Qxb6+ Ke7 46. Qc7+ Ke6) 40... Rd7 {[%eval 5,0]} 41. Qf4 {
[%eval 62,0]} Bc3 $6 {[%eval 0,0] Inaccuracy. Rd1+ was best.} (41... Rd1+ 42.
Kh2 Nd7 43. Qh4+ Kc7 44. Qg3+ Bd6 45. Nxd6 Rxd6 46. e4 Re8 47. Qf4 Kc6 48. g4)
42. Qf3 {[%eval 39,0]} Rg8 {[%eval 35,0]} 43. h6 {[%eval 15,0]} Rg6 {[%eval 21,
0]} 44. e4 {[%eval 5,0]} Bd4+ {[%eval 65,0]} 45. Kf1 {[%eval 41,0]} Nxe4 {
[%eval 0,0]} 46. Qf8+ {[%eval 0,0]} Kc7 {[%eval 0,0]} 47. Qf4+ {[%eval 0,0]}
Kd8 {[%eval 0,0]} 48. Qf8+ {[%eval 0,0]} Kc7 {[%eval 0,0]} 49. Qf4+ {[%eval 0,
0]} Kd8 {[%eval 0,0]} 50. Qf8+ 0-1

[Event "37th Reykjavik op"]
[Site "Reykjavik ISL"]
[Date "2024.03.15"]
[Round "1.27"]
[White "Hjartarson, Johann"]
[Black "Ptacnikova, Lenka"]
[WhiteElo "2460"]
[BlackElo "2067"]
[Result "1/2-1/2"]
[EventDate "2024.03.15"]
[PlyCount "72"]

1. d4 {[%eval 15,0]} Nf6 {[%eval 16,0]} 2. c4 {[%eval 16,0]} e6 {[%eval 21,0]}
3. Nc3 {[%eval 8,0]} Bb4 {[%eval 12,0]} 4. f3 {[%eval 7,0]} d5 {[%eval 25,0]}
5. e3 {[%eval 24,0]} O-O {[%eval 0,0]} 6. a3 {[%eval 12,0]} Bxc3+ {[%eval 32,0]
} 7. bxc3 {[%eval 26,0]} c5 {[%eval 28,0]} 8. cxd5 {[%eval 8,0]} Nxd5 {[%eval
2,0]} 9. Bd2 {[%eval 26,0]} Nc6 {[%eval 2,0]} 10. Bd3 {[%eval 59,0]} e5 {
[%eval 39,0]} 11. c4 {[%eval 32,0]} Nb6 {[%eval 41,0]} 12. d5 {[%eval 39,0]} e4
{[%eval 51,0]} 13. Be2 $6 {[%eval -87,0] Inaccuracy. Bxe4 was best.} (13. Bxe4
Ne5) 13... Ne5 {[%eval -95,0]} 14. Rc1 {[%eval -93,0]} Qh4+ {[%eval -89,0]} 15.
g3 {[%eval -96,0]} Qe7 {[%eval 94,0]} 16. Rc3 $6 {[%eval -24,0] Inaccuracy.
Qc2 was best.} (16. Qc2) 16... exf3 {[%eval -97,0]} 17. Nxf3 {[%eval -77,0]}
Bh3 {[%eval -77,0]} 18. Nxe5 {[%eval -78,0]} Qxe5 {[%eval -75,0]} 19. Bf3 {
[%eval -33,0]} Rfe8 {[%eval -55,0]} 20. Kf2 {[%eval -47,0]} Bf5 $6 {[%eval 88,
0] Inaccuracy. Nc8 was best.} (20... Nc8 21. Re1 Nd6 22. Qc2 f5 23. Kg1 Qf6 24.
Bc1 Re7 25. a4 Qg6 26. e4 fxe4 27. Bf4) 21. Re1 {[%eval 88,0]} Be4 {[%eval 91,
0]} 22. Bxe4 {[%eval 96,0]} Qxe4 {[%eval 96,0]} 23. Qc2 {[%eval 89,0]} Nc8 {
[%eval 94,0]} 24. Qxe4 {[%eval 83,0]} Rxe4 {[%eval -99,0]} 25. Ke2 {[%eval 99,
0]} Nd6 {[%eval 9,0]} 26. Kd3 {[%eval 94,0]} Rae8 {[%eval 92,0]} 27. Rf1 {
[%eval -98,0]} b5 $6 {[%eval 39,0] Inaccuracy. f5 was best.} (27... f5 28. a4
g5 29. Rcc1 h5 30. h4 gxh4 31. gxh4 Rxh4 32. Rh1 Ree4 33. Rxh4 Rxh4 34. Bc3)
28. cxb5 {[%eval 39,0]} c4+ {[%eval 38,0]} 29. Ke2 {[%eval 81,0]} Nxb5 {
[%eval 36,0]} 30. Rcc1 {[%eval 66,0]} c3 {[%eval 21,0]} 31. Bxc3 {[%eval 23,0]}
Rxe3+ {[%eval 19,0]} 32. Kd2 {[%eval 4,0]} Nxa3 {[%eval 0,0]} 33. Bb4 {[%eval
0,0]} Rb3 {[%eval 1,0]} 34. Rc7 $4 {[%eval -203,0] Blunder. Bxa3 was best.} (
34. Bxa3 Rxa3 35. Rc7 Ra5 36. Rd7 h5 37. Rfxf7 Rxd5+ 38. Rxd5 Kxf7 39. Rxh5 Re6
40. Ra5 a6) 34... Rxb4 {[%eval -397,0]} 35. Rfxf7 {[%eval -395,0]} Rd4+ {
[%eval -392,0]} 36. Kc1 {[%eval -391,0]} Rc4+ {[%eval -203,0]} 1/2-1/2

[Event "37th Reykjavik op"]
[Site "Reykjavik ISL"]
[Date "2024.03.15"]
[Round "1.28"]
[White "Halldorsson, Bragi"]
[Black "Seemann, Jakub"]
[WhiteElo "2056"]
[BlackElo "2451"]
[Result "0-1"]
[EventDate "2024.03.15"]
[PlyCount "77"]

1. e4 {[%eval 13,0]} c5 {[%eval 33,0]} 2. Nf3 {[%eval 22,0]} Nc6 {[%eval 31,0]}
3. Bb5 {[%eval 25,0]} e6 {[%eval 47,0]} 4. c3 {[%eval 21,0]} d5 {[%eval 16,0]}
5. exd5 {[%eval 29,0]} exd5 $6 {[%eval 51,0] Inaccuracy. Qxd5 was best.} (5...
Qxd5 6. O-O a6 7. c4 Qd6 8. Bxc6+ Qxc6 9. Nc3 Nf6 10. d4) 6. O-O {[%eval 18,0]}
Bd6 {[%eval 34,0]} 7. d4 {[%eval 31,0]} Nge7 {[%eval 48,0]} 8. dxc5 {[%eval 21,
0]} Bxc5 {[%eval 27,0]} 9. Nbd2 {[%eval 23,0]} O-O {[%eval 23,0]} 10. Nb3 {
[%eval 39,0]} Bd6 {[%eval 39,0]} 11. Nfd4 {[%eval 1,0]} a6 {[%eval 14,0]} 12.
Be2 {[%eval 0,0]} Nxd4 {[%eval 37,0]} 13. Nxd4 {[%eval 45,0]} Nc6 {[%eval 39,0]
} (13... Ng6 14. g3 Qb6 15. Nb3 Bh3 16. Re1 Rad8 17. Bg4 Bxg4 18. Qxg4 Be5 19.
Bg5 f6 20. Be3 Qc7) 14. g3 {[%eval 15,0]} Qb6 {[%eval 14,0]} 15. Nb3 {[%eval 6,
0]} Bh3 {[%eval 6,0]} 16. Re1 {[%eval 9,0]} Rad8 $6 {[%eval 82,0] Inaccuracy.
d4 was best.} (16... d4 17. Bd3 Rae8 18. Be4 Kh8 19. Bd2 f5 20. Bg2 Bxg2 21.
Kxg2 Rxe1 22. Bxe1 Be5 23. Qf3) 17. Bg4 $6 {[%eval 3,0] Inaccuracy. Qxd5 was
best.} (17. Qxd5) 17... Bxg4 {[%eval 0,0]} 18. Qxg4 {[%eval 0,0]} Be5 {[%eval
24,0]} 19. Bg5 {[%eval 28,0]} f6 {[%eval 6,0]} 20. Be3 {[%eval 63,0]} Qc7 {
[%eval 82,0]} 21. Qe6+ {[%eval 67,0]} Kh8 {[%eval 100,0]} 22. Rad1 {[%eval 99,
0]} Rfe8 {[%eval 8,0]} 23. Qg4 {[%eval 93,0]} Qf7 {[%eval 98,0]} 24. Bb6 {
[%eval 91,0]} f5 {[%eval 118,0]} 25. Qf3 {[%eval 121,0]} Rd6 {[%eval 116,0]}
26. Re2 {[%eval 103,0]} Bf6 $6 {[%eval 201,0] Inaccuracy. f4 was best.} (26...
f4 27. Rde1 h5 28. Nd4 Rf6 29. Qd3 fxg3 30. hxg3 Rf8 31. Nxc6 Rxc6 32. Rxe5
Rxb6 33. R1e2) 27. Rxe8+ {[%eval 195,0]} Qxe8 {[%eval 182,0]} 28. Bc5 {[%eval
183,0]} Ne5 $6 {[%eval 292,0] Inaccuracy. Re6 was best.} (28... Re6) 29. Qxf5 {
[%eval 302,0]} g6 {[%eval 312,0]} 30. Qf4 {[%eval 307,0]} Bg5 {[%eval 363,0]}
31. Qb4 $6 {[%eval 205,0] Inaccuracy. Qd4 was best.} (31. Qd4 Bf6 32. Kg2 Nf7
33. Qf4 Re6 34. Rxd5 Bg7 35. Nd4 Re1 36. Nf3 Re2 37. Qc7 Rxb2) 31... Nf3+ $6 {
[%eval 342,0] Inaccuracy. Rd7 was best.} (31... Rd7 32. Bd4 Kg8 33. Bxe5 Qxe5
34. Qg4 Rf7 35. Nd4 Bh6 36. h4 b5 37. Qc8+ Rf8 38. Qe6+) 32. Kg2 {[%eval 297,0]
} Rf6 $6 {[%eval 395,0] Inaccuracy. Qe2 was best.} (32... Qe2 33. Bd4+ Nxd4 34.
Nxd4 Qe4+ 35. f3 Qe7 36. Re1 Qxe1 37. Qxd6 Be7 38. Qxd5 Qd2+ 39. Kh3) 33. Bd4 {
[%eval 407,0]} Nxd4 34. Qxd4 Qe2 35. h4 Qf3+ 36. Kg1 Bh6 37. Rd3 Qf5 38. g4 Qf4
39. g5 0-1

[Event "37th Reykjavik op"]
[Site "Reykjavik ISL"]
[Date "2024.03.15"]
[Round "1.29"]
[White "Larkin, Vladyslav"]
[Black "Wehding, Anton Bonsvig"]
[WhiteElo "2450"]
[BlackElo "2056"]
[Result "1-0"]
[EventDate "2024.03.15"]
[PlyCount "80"]

1. c4 {[%eval 16,0]} e6 {[%eval 18,0]} 2. Nf3 {[%eval 3,0]} Nf6 {[%eval 22,0]}
3. g3 {[%eval 13,0]} d5 {[%eval 19,0]} 4. Bg2 {[%eval 22,0]} Be7 {[%eval 31,0]}
5. O-O {[%eval 16,0]} O-O {[%eval 29,0]} 6. d4 {[%eval 3,0]} c6 {[%eval 31,0]}
7. b3 {[%eval 36,0]} a5 {[%eval 44,0]} 8. Nc3 {[%eval 27,0]} b6 {[%eval 24,0]}
9. Bb2 {[%eval 22,0]} Ba6 {[%eval 46,0]} 10. Nd2 {[%eval 41,0]} b5 {[%eval 23,
0]} 11. cxd5 {[%eval 25,0]} cxd5 {[%eval 19,0]} 12. Rc1 {[%eval 37,0]} Nbd7 {
[%eval 41,0]} 13. Re1 {[%eval 35,0]} Nb6 {[%eval 36,0]} 14. e4 {[%eval 44,0]}
b4 {[%eval 52,0]} 15. Na4 {[%eval 79,0]} Nxa4 {[%eval 75,0]} 16. bxa4 {[%eval
68,0]} Re8 {[%eval 72,0]} 17. exd5 {[%eval 75,0]} exd5 {[%eval 76,0]} 18. Bh3 {
[%eval -98,0]} Bf8 {[%eval -95,0]} 19. Qc2 {[%eval -67,0]} Rxe1+ {[%eval -81,0]
} 20. Rxe1 {[%eval -71,0]} Bc8 {[%eval -78,0]} 21. Bxc8 {[%eval -95,0]} Rxc8 {
[%eval -52,0]} 22. Qb3 {[%eval -52,0]} Qd7 {[%eval -56,0]} 23. Kg2 {[%eval -53,
0]} h5 {[%eval -48,0]} 24. Nf3 {[%eval -58,0]} Qf5 {[%eval -61,0]} 25. Nh4 {
[%eval -47,0]} Qc2 {[%eval -69,0]} 26. Rc1 {[%eval -95,0]} Qe4+ {[%eval -55,0]}
27. Nf3 {[%eval -57,0]} Rxc1 $6 {[%eval 7,0] Inaccuracy. Rc4 was best.} (27...
Rc4 28. h3 h4 29. Rxc4 dxc4 30. Qxc4 hxg3 31. fxg3 Nd5 32. Kf2 Qe3+ 33. Kg2 Nb6
34. Qc2) 28. Bxc1 {[%eval 78,0]} Nd7 {[%eval 37,0]} 29. Bf4 $6 {[%eval -87,0]
Inaccuracy. a3 was best.} (29. a3 h4 30. axb4 Bxb4 31. Ba3 h3+ 32. Kxh3 g5 33.
Ne5 Nf6 34. Bxb4 g4+ 35. Nxg4 Nxg4) 29... Nb6 {[%eval -91,0]} 30. h4 {[%eval
-54,0]} Nc4 {[%eval -55,0]} 31. Kf1 {[%eval -59,0]} f6 {[%eval -53,0]} 32. Bc7
{[%eval -39,0]} g6 {[%eval -44,0]} 33. Bf4 {[%eval -95,0]} Kf7 {[%eval -53,0]}
34. Kg1 {[%eval -45,0]} Be7 {[%eval -61,0]} 35. Kh2 {[%eval -44,0]} Bd8 {
[%eval -59,0]} 36. Kg2 $4 {[%eval -326,0] Blunder. Qd1 was best.} (36. Qd1 Na3
37. Be3 Bc7 38. Qc1 Qc2 39. Ne1 Qxc1 40. Bxc1 Nb1 41. Bb2 Nd2 42. Nd3 Bd6)
36... g5 {[%eval -313,0]} 37. hxg5 {[%eval -341,0]} fxg5 {[%eval -339,0]} 38.
Bxg5 {[%eval -395,0]} Bxg5 {[%eval -349,0]} 39. Kh2 {[%eval -319,0]} Bf6 {
[%eval -331,0]} 40. Qd1 {[%eval -346,0]} Kg7 {[%eval -363,0]} 1-0